Advanced Differential Calculus (Record no. 520)
[ view plain ]
| 000 -LEADER | |
|---|---|
| fixed length control field | 00274 a2200109 4500 |
| 020 ## - INTERNATIONAL STANDARD BOOK NUMBER | |
| International Standard Book Number | 8171418627 |
| 082 ## - DEWEY DECIMAL CLASSIFICATION NUMBER | |
| Classification number | 517.2 SHA |
| 100 ## - MAIN ENTRY--PERSONAL NAME | |
| Personal name | Sharma,A. K. |
| 245 ## - TITLE STATEMENT | |
| Title | Advanced Differential Calculus |
| Statement of responsibility, etc. | A. K. Sharma |
| 260 ## - PUBLICATION, DISTRIBUTION, ETC. | |
| Place of publication, distribution, etc. | New Delhi: |
| Name of publisher, distributor, etc. | DPH, |
| Date of publication, distribution, etc. | 2004. |
| 300 ## - PHYSICAL DESCRIPTION | |
| Extent | 374p. : |
| Other physical details | ill. ; |
| Dimensions | 23 cm. |
| 650 ## - SUBJECT ADDED ENTRY--TOPICAL TERM | |
| Topical term or geographic name entry element | calculus |
| Withdrawn status | Lost status | Damaged status | Not for loan | Permanent Location | Current Location | Shelving location | Total Checkouts | Full call number | Barcode | Date last seen | Price effective from | Koha item type |
|---|---|---|---|---|---|---|---|---|---|---|---|---|
| Central Library (CL) | Central Library (CL) | 517.2 SHA | NIT-3563 | 01/05/2017 | 01/05/2017 | Book |
